| 000 | 00589nam a2200217 a 4500 | ||
|---|---|---|---|
| 001 | 1043 | ||
| 003 | CDMR | ||
| 005 | 20131104140916.0 | ||
| 008 | 130130s1989||||||||||||||||||||||||||||d | ||
| 020 | _a8425213959 | ||
| 040 |
_aCDMR _bcat _cCDMR |
||
| 100 | 1 |
_aBorrat, Héctor _9822 |
|
| 245 | 1 | 3 |
_aEl periódico, actor político _cHéctor Borrat |
| 260 |
_aBarcelona _c1989 _bGustavo Gili |
||
| 300 | _a167 p. | ||
| 490 | 0 | _aGG MassMedia | |
| 650 | 0 | 4 |
_93470 _aPremsa i política |
| 650 | 0 | 4 |
_93564 _aPeriodisme _xFonts d'informació |
| 650 | 0 | 4 |
_93349 _aAnàlisi del discurs |
| 942 |
_cMON _2udc |
||
| 999 |
_c1043 _d1043 |
||